Zajištění kvality analytických výsledků : Sborník přednášek ze seminářů 18.-20.3.2003 v Komorní Lhotce

Enregistré dans:
Détails bibliographiques
Format: Livre
Langue:tchèque
slovaque
Publié: Český Těšín : Ing.Václav Helán, 2003
Collection:Analytical standards and equipment 2 THETA
Tags: Ajouter un tag
Pas de tags, Soyez le premier à ajouter un tag!

MARC

LEADER 00000nam a22000003a 4500
001 stu80149
005 20150408175422.9
008 030401s2003----xr------------------cze-d
020 |a 80-86380-14-9 
040 |a STU  |b slo 
041 0 |a cze  |a slo 
044 |a xr 
080 |a 543(061.3) 
245 |a Zajištění kvality analytických výsledků :  |b Sborník přednášek ze seminářů 18.-20.3.2003 v Komorní Lhotce 
260 |a Český Těšín :  |b Ing.Václav Helán,  |c 2003 
300 |a 189 s. Obr.,tab.,grafy 
830 0 |a Analytical standards and equipment  |v 2 THETA 
996 |b CK629  |c C*K629  |l CCII  |s P  |a 0  |w stu80149_0001